• 首页
  • 本馆介绍
  • 公告通知
  • 最新文献
  • 馆藏检索
  • 电子资源
  • 读者导购
  • 参考咨询
  • 我的图书馆
  • 登录
  • 详细信息显示
  • 放入我的书架
  • 预约/预借图书
  • 作者相关作品
  • 分类相关作品
  • 丛书相关作品
  • 出版社相关作品

书目信息

  • 表格格式
  • 工作单格式
  • 卡片格式
题名:
中国近现代史译名对照表
    
 
作者: 马军 编撰
分册:  
出版信息: 上海   上海书店出版社  2016
页数: 188页
开本: 21cm
丛书名:
单 册:
中图分类: K25-61 , K26-61
科图分类:
主题词: 近代史--jin dai shi--译名--中国--英、汉 , 现代史--xian dai shi--译名--中国--英、汉
电子资源:
ISBN: 978-7-5458-1365-4
000 01142nam0 22002651 450
001 0120082152
005 20170320082152.0
010    @a978-7-5458-1365-4@dCNY28.00
100    @a20170106d2016 em y0chiy50 ea
101 0  @achi@aeng
102    @aCN@b310000
105    @ak z 000yy
106    @ar
200 1  @a中国近现代史译名对照表@9zhong guo jin xian dai shi yi ming dui zhao biao@f马军编撰
210    @a上海@c上海书店出版社@d2016
215    @a188页@d21cm
314    @a马军 (1969-),上海社会科学院历史研究所研究员、博士。研究方向为上海史、民国史、中西文化交流史。主要成果有《上海通史·当代文化》、《1948年:上海舞潮案》等。
330    @a本书全数整合上海社科院历史研究所较具代表性、涵盖性的八部译述所附“译名对照表”,藉此反映前辈译者的历史贡献和文化积累,并为当今研究者和翻译者提供检索便利,及与类似工具书进行互补和比对。内容包括“正表”和“索引”两大部分。
606 0  @a近代史@9jin dai shi@x译名@y中国@x英、汉
606 0  @a现代史@9xian dai shi@x译名@y中国@x英、汉
690    @aK25-61@v5
690    @aK26-61@v5
701  0 @a马军@9ma jun@f(1969-)@4编撰
801  0 @aCN@bTANGWEI@c20170308
905    @b0956672-5@dK25-61@e196@f4
    
    中国近现代史译名对照表/马军编撰.-上海:上海书店出版社,2016
    188页;21cm
    
    
    ISBN 978-7-5458-1365-4:CNY28.00
    本书全数整合上海社科院历史研究所较具代表性、涵盖性的八部译述所附“译名对照表”,藉此反映前辈译者的历史贡献和文化积累,并为当今研究者和翻译者提供检索便利,及与类似工具书进行互补和比对。内容包括“正表”和“索引”两大部分。
●
相关链接 在E读中查询图书 在五车中查询图书 在当当中查询图书 在豆瓣中查询图书


正题名:中国近现代史译名对照表     索取号:K25-61/196         预约/预借

序号 登录号 条形码 馆藏地/架位号 状态 备注
1 0956672   209566726   第二样本阅览室/ [索取号:K25-61/196] 在馆    
2 0956673   209566735   第二借阅区/ [索取号:K25-61/196] 在馆    
3 0956674   209566744   密集书库-史法系/ [索取号:K25-61/196] 在馆    
4 0956675   209566753   第二借阅区/ [索取号:K25-61/196] 在馆    
唐山师范学院图书馆 欢迎您!
大连网信软件有限公司© 版权所有